|
|
|
|
| LEADER |
00000nab a2200000 a 4500 |
| 001 |
vtls000660543 |
| 003 |
SK-MaSNL |
| 005 |
20260426071701.0 |
| 008 |
040806c1998 xo 0 slo |
| 015 |
|
|
|a SNBRB1998/05-12310
|
| 035 |
|
|
|a CLN000012733
|
| 040 |
|
|
|a SNKBUCL
|b slo
|c SNKBUCL
|e AACR2
|
| 041 |
0 |
|
|a slo
|
| 044 |
|
|
|a xo
|c SK
|
| 080 |
|
|
|a 930.253(437.6):908
|2 UDC-MRF-SK2
|
| 080 |
|
|
|a 908.437.6:930.253
|2 UDC-MRF-SK2
|
| 100 |
1 |
|
|a Daneková, Dáša
|4 aut
|9 586623
|
| 245 |
1 |
0 |
|a Aktivizovať kronikárstvo
|b prvý "nadstavbový" kurz kronikárov miest a obcí SR
|c Dáša Daneková, Igor Krištek
|
| 300 |
|
|
|b Fotogr.
|
| 648 |
|
7 |
|a 1998
|2 snkbucl
|9 282348
|
| 650 |
0 |
7 |
|a kronikárstvo
|2 snkbucl
|9 70376
|
| 650 |
0 |
7 |
|a kurzy
|2 snkbucl
|9 29103
|
| 650 |
0 |
7 |
|a kronikári
|2 snkbucl
|9 30439
|
| 651 |
|
7 |
|a Slovensko
|2 snkbucl
|9 14231
|
| 655 |
|
7 |
|a články z novín a časopisov
|2 snkbucl
|9 267496
|
| 700 |
1 |
|
|a Krištek, Igor,
|d 1936-2015
|4 aut
|9 163397
|
| 773 |
0 |
|
|t Národná osveta
|g Roč. 8, č. 10 (1998)
|
| 773 |
0 |
|
|t [Príl.] Slovenská kronika
|g Roč. 2, č. 3 (1998), s. XII-XIII
|
| 850 |
|
|
|a Slovenská národná knižnica v Martine
|
| 852 |
|
|
|a SNK
|b KIS3GCP
|
| 999 |
|
|
|c 2680997
|d 2682927
|